000 00545nam a22001697a 4500
005 20251108165019.0
008 250721s1975 xx 000 0 ara d
082 1 4 _a539/هاي
100 1 _aهايزنبرغ، فرنر
245 1 0 _aالطبيعة في الفيزياء المعاصرة /
264 1 _aدمشق :
_bوزارة الثقافة و الإرشاد القومي،
_c1975.
300 _a163ص
650 1 7 _aالفيزياء الحديثة
700 1 _aقدسي، قسطنطين
_eترجمة
942 _2ddc
_cBK
999 _c19891
_d19891